| 000 | 01192nam0a2200325 4500 | ||
|---|---|---|---|
| 001 | RU\NLR\BIBL_A\022203572 | ||
| 005 | 20240618164358.0 | ||
| 010 |
_a978-5-04-197163-2 _93000 |
||
| 021 |
_aRU _bКН-П-24-015108 _9КН-П-24-1593 |
||
| 035 | _a(NLR Aleph) 022203572 | ||
| 090 |
_a13051607 _c13051607 |
||
| 100 | _a20240422d2024 u y0rusy50 ca | ||
| 101 | 1 |
_arus _cjpn |
|
| 102 | _aRU | ||
| 105 | _aa z 000ay | ||
| 181 | 0 |
_ai3 _baxxe |
|
| 182 | 0 | _an | |
| 200 | 1 |
_aДерево-людоед с Темного холма _e[роман] _fСодзи Симада _g[перевод с японского: Т. С. Шегереда] |
|
| 203 |
_aТекст _bвизуальный _cнепосредственный |
||
| 210 |
_aМосква _cЭксмо _d2024 (печ. 2023) |
||
| 215 |
_a444, [2] с. _cил. _d20 |
||
| 225 | 1 | _aХонкаку-детектив | |
| 333 | _a16+ | ||
| 686 | 1 | _aШ6(5Я)67-446{Лх2318-45} | |
| 700 | 1 |
_aСимада _bС. _f1948- _gСодзи _3RU\NLR\AUTH\770205147 |
|
| 702 | 1 |
_aШегереда _bТ. С. _gТатьяна Сергеевна _4730 |
|
| 942 | _cBOOK | ||
| 980 | _aNB | ||